000 00781nam a2200253Ia 4500
003 OSt
005 20220928111258.0
006 a|||||r|||| 00| 0
007 ta
008 220927b |||||||| |||| 00| 0 eng d
024 _a56727
037 _cTextual
040 _aSDCL
_cSDCL
_beng
041 _2eng
_aeng
082 _aR621x1,1,1,4, L7
100 _aPrasastapadabhasya
_9423024
245 0 _aPrasastapadabhasya
_bNyayakandail .
260 _aVaranasi
_bSampurnanand Sanskrit Vishvavidyalaya
_c1977
300 _a712p.
_ccm.
700 _a Bhatta Sridhara Co.
_9423025
700 _a Jha Durgadhara Ed.
_9423026
942 _hR621x1,1,1,4, L7
_cTEXL
_2CC
999 _c739496
_d739496